000 00379nam a2200145Ia 4500
008 231129s1982||||xx |||||||||||||| ||spa||
020 _a84-85609-59-X
040 _bspa
082 _a616.692 L864t
100 _aLopez Ibor J.J.
245 0 _aTratamiento de la impotencia
260 _c1982
264 _aEdiciones UVE
942 _2ddc
_cBKS
999 _c25637
_d25637